| 000 | 00498nam a2200169Ia 4500 | ||
|---|---|---|---|
| 008 | 230718s9999 xx 000 0 und d | ||
| 020 | _a9780007265497 | ||
| 041 | _aeng | ||
| 082 |
_a294.3444 _bCAN |
||
| 100 | _aCanfield J. | ||
| 245 |
_aHow To Get From Where You Are To Where You Want To Be: _bThe 25 Principles Of Success |
||
| 260 |
_c2007 _bHarper Element |
||
| 300 | _a335 | ||
| 365 |
_cRs. _b275.00 |
||
| 700 | _aCanfield J. | ||
| 906 |
_dO:0144830-Dec-2010B:649107-Dec-2010 _cGENRL _b68.75 |
||
| 999 |
_c326807 _d326807 |
||